00502 a2200157 4500000002100000001000700021005001700028008004100045100002400086245007000110250001200180260002100192700002600213999001700239952008800256BKB 14630020200902155453.0 1 aBrockwell, Peter J.1 aIntroduction to time series and forcastingcby Peter J. Brockwell a2nd ed. abSpringerc2002 aDavis, Richard A.bc c12498d12498 00104070aCURAJbCURAJd2014-05-19g0.00l0o pAV167r2020-09-02w2020-09-02yBK